[Event "GER-ch U14 Girls"]
[Site "Oberhof"]
[Date "2012.06.02"]
[Round "9"]
[White "Morio, Estelle"]
[Black "Eltze, Marlen"]
[Result "0-1"]
[WhiteElo "1355"]
[BlackElo "1183"]
[PlyCount "86"]
[EventDate "2012.05.27"]
[EventType "swiss"]
[EventRounds "9"]
[EventCountry "GER"]
[SourceTitle "CBM 148 Extra"]
[Source "ChessBase"]
[SourceDate "2012.06.22"]
[SourceVersion "1"]
[SourceVersionDate "2012.06.22"]
[SourceQuality "1"]

1. e4 e5 2. Nc3 Nf6 3. g3 Nc6 4. Bg2 Bc5 5. Nge2 0-0 6. 0-0 d6 7. h3 Be6 8. Kh2 Qd7 9. d3 d5 10. exd5 Nxd5 11. Ne4 Bb6 12. Qd2 Nd4 13. N2c3 Bxh3 14. Nxd5 Bxg2 15. Ndf6+ gxf6 16. Nxf6+ Kh8 17. Nxd7 Nf3+ 18. Kxg2 Nxd2 19. Bxd2 Rfe8 20. Rh1 Re6 21. Bc3 Bd4 22. Bxd4 exd4 23. Nc5 Rb6 24. Nb3 Rd8 25. Rae1 Rc6 26. Na1 Kg7 27. Re7 Kf6 28. Re4 Kg6 29. Rg4+ Kf5 30. Rg7 Kf6 31. Rgxh7 Ke7 32. Re1+ Kf6 33. Rh6+ Kg7 34. Rxc6 bxc6 35. Re7 Rc8 36. Nb3 Kf6 37. Re4 Rb8 38. Rxd4 Ke6 39. f4 f5 40. Nc5+ Ke7 41. b3 Rc8 42. Kh3 Kf6 43. Kh4 Rh8# 0-1